[Event "22nd ch-EUR Indiv 2022"]
[Site "Terme Catez SLO"]
[Date "2022.04.02"]
[Round "7.74"]
[White "Pasztor, Balazs"]
[Black "Vetoshko, Volodymyr"]
[Result "0-1"]
[WhiteTitle "FM"]
[BlackTitle "GM"]
[WhiteElo "2338"]
[BlackElo "2507"]
[WhiteFideId "774723"]
[BlackFideId "14122480"]
[EventDate "2022.03.27"]

1. e4 c5 2. Nf3 Nc6 3. d4 cxd4 4. Nxd4 e6 5. Nc3 a6 6. Nxc6 bxc6 7. Qd3 d5 8.
Qg3 Nf6 9. Be2 g6 10. Bf4 Bg7 11. Bd6 d4 12. e5 dxc3 13. exf6 cxb2 14. Rd1 Qa5+
15. c3 Bxf6 16. O-O Bb7 17. c4 O-O-O 18. c5 Rd7 19. Qf3 Be7 20. Qxf7 Bxd6 21.
Qxe6 Qxc5 22. Bg4 Kb8 23. Qxd7 Be5 24. Kh1 Bc8 25. Qf7 Bxg4 26. Rd3 Ka8 27. Rb3
Rb8 28. f4 Rxb3 29. axb3 Bb8 30. Qe8 Qc1 0-1

[Event "22nd ch-EUR Indiv 2022"]
[Site "Terme Catez SLO"]
[Date "2022.04.02"]
[Round "7.75"]
[White "Levin, Guy"]
[Black "Demuth, Adrien"]
[Result "1/2-1/2"]
[WhiteTitle "FM"]
[BlackTitle "GM"]
[WhiteElo "2332"]
[BlackElo "2496"]
[WhiteFideId "2824213"]
[BlackFideId "642274"]
[EventDate "2022.03.27"]

1. Nf3 g6 2. g3 Bg7 3. d4 d6 4. Bg2 Nf6 5. O-O O-O 6. b3 a5 7. Bb2 a4 8. c4 c6
9. Nbd2 Qa5 10. Qc2 d5 11. Bc3 Bf5 12. e4 dxe4 13. Bxa5 exf3 14. Qc3 fxg2 15.
Rfe1 c5 16. Bc7 Nc6 17. Be5 cxd4 18. Qf3 Nxe5 19. Rxe5 Bh6 20. Rxf5 gxf5 21. Rd1
axb3 22. Nxb3 e6 23. Rxd4 Rxa2 24. Nc5 Ng4 25. Nd3 Rd2 26. Rxg4+ fxg4 27. Qxg4+
Bg7 28. Nf4 Rd4 29. Qg5 h6 30. Qb5 Rc8 31. Qxb7 Rdxc4 32. Kxg2 R8c5 33. Qb8+ Kh7
34. Qb1+ Kg8 35. Qb8+ Bf8 36. h4 Rf5 37. Qb3 Rcxf4 38. gxf4 Bd6 39. Qg3+ Kh7 40.
Qd3 Bxf4 41. h5 Kg7 42. Qe2 Bd6 43. Kf1 Bc5 44. Qg4+ Kf8 45. f3 Bd6 46. Qd4 Be5
47. Qg4 Rf4 48. Qg3 Bd6 49. Qh3 Be7 50. Qg3 Bg5 51. Ke2 Kg7 52. Qh2 Kf6 53. Qg1
Rh4 54. Qa1+ e5 55. Qa3 Kg7 56. Qc5 Bf4 57. Qg1+ Kh7 58. Qa7 Kg8 59. Qg1+ Bg5
60. Qc5 Bf6 61. Qc8+ Kg7 62. Qf5 Rf4 63. Qd7 Rd4 64. Qf5 Rh4 65. Kd3 Rf4 66. Qh3
Bg5 67. Ke2 Rh4 68. Qf5 Bf4 69. Kd3 Rh2 70. Kc3 Rg2 71. Kd3 Rg5 72. Qh3 Rg3 73.
Qh1 Kf6 74. Kc4 Rg8 75. Qh4+ Bg5 76. Qe4 Rd8 77. Qh7 Ke6 78. Kc3 Bd2+ 79. Kc2
Bf4 80. Qg7 Bg5 81. Qh7 Kf6 82. Kc3 Bf4 83. Kc4 Rd4+ 84. Kc3 Rd1 85. Qh8+ Ke7
86. Qg8 Rh1 87. Qg4 Kf6 88. Kd3 Bg5 89. Qb4 Bf4 90. Qf8 Rxh5 91. Ke4 Rh1 92.
Qh8+ Ke7 93. Kf5 Rh5+ 94. Ke4 Rh2 95. Kf5 Rh5+ 96. Ke4 Rh2 97. Kf5 Rg2 98. Qf6+
Ke8 99. Qh8+ Ke7 100. Qf6+ Kf8 101. Qd8+ Kg7 102. Qf6+ Kf8 103. Qd8+ Kg7 104.
Qf6+ Kg8 105. Qd8+ Kh7 106. Qf8 Rg7 107. Kf6 Rg6+ 108. Kf5 Rg5+ 109. Kf6 Rg6+
110. Kf5 Rg5+ 1/2-1/2

[Event "22nd ch-EUR Indiv 2022"]
[Site "Terme Catez SLO"]
[Date "2022.04.02"]
[Round "7.76"]
[White "Maurizzi, Marc'Andria"]
[Black "Milikow, Yoav"]
[Result "1-0"]
[WhiteTitle "GM"]
[BlackTitle "FM"]
[WhiteElo "2493"]
[BlackElo "2349"]
[WhiteFideId "36083534"]
[BlackFideId "2822237"]
[EventDate "2022.03.27"]

1. e4 e5 2. Nf3 Nc6 3. Bb5 Nf6 4. O-O Nxe4 5. Re1 Nd6 6. a4 Be7 7. Nc3 e4 8.
Nxe4 Nxe4 9. Rxe4 a6 10. Bf1 d5 11. Re1 O-O 12. d4 Bd6 13. Ne5 Ne7 14. Bf4 f6
15. Nd3 Bf5 16. Qd2 Nc6 17. Nc5 b6 18. Ne6 Bxe6 19. Rxe6 Qd7 20. Bxd6 cxd6 21.
Re3 f5 22. Rb3 Rfb8 23. Qf4 Qe6 24. Re3 Qf6 25. c3 b5 26. axb5 axb5 27. Rae1 g5
28. Qf3 Qf7 29. Qg3 f4 30. Qxg5+ Kh8 31. Rf3 Rf8 32. Bxb5 1-0

[Event "22nd ch-EUR Indiv 2022"]
[Site "Terme Catez SLO"]
[Date "2022.04.02"]
[Round "7.77"]
[White "Yordanov, Lachezar"]
[Black "Saraci, Nderim"]
[Result "0-1"]
[WhiteTitle "FM"]
[BlackTitle "IM"]
[WhiteElo "2318"]
[BlackElo "2488"]
[WhiteFideId "2918927"]
[BlackFideId "6351921"]
[EventDate "2022.03.27"]

1. d4 Nf6 2. c4 e6 3. Nf3 b6 4. a3 Bb7 5. Bf4 d6 6. Nc3 Be7 7. Qc2 c5 8. d5 exd5
9. cxd5 O-O 10. e4 a6 11. a4 Re8 12. Be2 Bf8 13. O-O Nbd7 14. Nd2 Ne5 15. Bg3
Rc8 16. h3 Ng6 17. Rae1 h5 18. Qb3 Rb8 19. f4 h4 20. Bh2 b5 21. Bf3 c4 22. Qc2
Nd7 23. Kh1 Nc5 24. Bh5 Nd3 25. Re3 Nb4 26. Qd1 Nxd5 27. Nxd5 Bxd5 28. axb5 axb5
29. f5 Nh8 30. Ree1 Bc6 31. f6 gxf6 32. Qg4+ Bg7 33. Bf4 Ng6 34. Bxg6 fxg6 35.
Qxg6 Rb7 36. Bh6 Re6 37. Qh5 Qe8 38. Qxh4 Qg6 39. Bf4 Rbe7 40. Re3 Bxe4 41. Nxe4
Rxe4 42. Rg3 Qf5 43. Rg4 Qe6 44. Kh2 f5 45. Rg5 Kf8 46. Qh5 Rf7 47. Bd2 Be5+ 48.
Kh1 Bxb2 49. Rgxf5 Rxf5 50. Rxf5+ Ke7 51. Rf1 Re5 52. Qh7+ Ke8 53. Ba5 Rg5 54.
Qc7 Bf6 55. Rd1 Rf5 56. Re1 Re5 57. Rf1 Rf5 58. Re1 Re5 59. Rf1 Rc5 60. Qh7 Rg5
61. Qh6 Qd5 62. Re1+ Kf7 63. Qh7+ Rg7 64. Qc2 Be5 65. Rd1 Qe6 66. Bc3 Qg6 67.
Qf2+ Qf6 68. Qe2 Rg5 69. Bxe5 Rxe5 70. Qg4 Rf5 71. Qe2 Qe5 72. Qd2 Qf6 73. Qe2
Qe5 74. Qc2 d5 75. Qc1 d4 76. Qa3 d3 77. Qa7+ Kg6 78. Qa8 d2 79. Qg8+ Kh6 80.
Rxd2 Rf1# 0-1

[Event "22nd ch-EUR Indiv 2022"]
[Site "Terme Catez SLO"]
[Date "2022.04.02"]
[Round "7.78"]
[White "Ahmadzada, Ahmad"]
[Black "Gaal, Zsoka"]
[Result "1/2-1/2"]
[WhiteTitle "IM"]
[BlackTitle "WIM"]
[WhiteElo "2480"]
[BlackElo "2336"]
[WhiteFideId "13413007"]
[BlackFideId "777765"]
[EventDate "2022.03.27"]

1. e4 c6 2. d4 d5 3. Nc3 dxe4 4. Nxe4 Bf5 5. Ng3 Bg6 6. Nf3 Nd7 7. h4 h6 8. h5
Bh7 9. Bd3 Bxd3 10. Qxd3 e6 11. Bd2 Ngf6 12. O-O-O Be7 13. Kb1 Qb6 14. Rhe1 O-O
15. Bc1 Rad8 16. c4 a5 17. Qc2 Rfe8 18. Ne2 Ng4 19. Nf4 a4 20. Nxe6 fxe6 21. Qg6
Ndf6 22. Ne5 Nxe5 23. dxe5 Qxf2 24. Rf1 Qh4 25. exf6 Bxf6 26. Rd7 Rf8 27. Rxb7
Rb8 28. Rxb8 Rxb8 29. Rf4 Rxb2+ 30. Bxb2 Qxf4 31. Qe8+ Kh7 32. Qg6+ Kg8 33. Bxf6
Qf1+ 34. Kc2 Qf2+ 35. Kd3 Qf1+ 36. Kc2 Qf2+ 37. Kd3 Qf1+ 1/2-1/2

[Event "22nd ch-EUR Indiv 2022"]
[Site "Terme Catez SLO"]
[Date "2022.04.02"]
[Round "7.79"]
[White "Holm, Kristian Stuvik"]
[Black "Ortega Ruiz, Jose Miguel"]
[Result "1/2-1/2"]
[WhiteTitle "IM"]
[BlackTitle "FM"]
[WhiteElo "2468"]
[BlackElo "2331"]
[WhiteFideId "1508083"]
[BlackFideId "2209713"]
[EventDate "2022.03.27"]

1. d4 Nf6 2. c4 g6 3. Nf3 Bg7 4. g3 O-O 5. Bg2 d6 6. Nc3 Nc6 7. O-O a6 8. Bf4
Nh5 9. Bg5 h6 10. Be3 e5 11. dxe5 dxe5 12. Qc1 Be6 13. Bxh6 Bxc4 14. Bxg7 Kxg7
15. b3 Be6 16. Na4 Qf6 17. Nc5 Bc8 18. e3 Re8 19. Nd2 Nd8 20. Qc3 Ra7 21. Rac1
b6 22. Nce4 Qe7 23. Nc4 f5 24. Ned2 Qf6 25. Rfd1 Nf7 26. Nf3 Re7 27. h4 Bb7 28.
Ng5 e4 29. Nxf7 Qxc3 30. Rxc3 Kxf7 31. Bf1 Nf6 32. Nb2 Bd5 33. Be2 Ke6 34. Rc2
Rd7 35. Na4 Rd6 36. Rcd2 Ra8 37. Nc3 b5 38. Rc1 1/2-1/2

[Event "22nd ch-EUR Indiv 2022"]
[Site "Terme Catez SLO"]
[Date "2022.04.02"]
[Round "7.80"]
[White "Yilmazyerli, Mert"]
[Black "Stremavicius, Pijus"]
[Result "1/2-1/2"]
[WhiteTitle "IM"]
[BlackTitle "FM"]
[WhiteElo "2466"]
[BlackElo "2320"]
[WhiteFideId "6305962"]
[BlackFideId "12812730"]
[EventDate "2022.03.27"]

1. e4 c5 2. Nc3 e6 3. Nge2 Nc6 4. g3 Nge7 5. Bg2 Nd4 6. O-O Nec6 7. d3 g6 8. Be3
Bg7 9. Qd2 O-O 10. Nc1 f5 11. N3e2 fxe4 12. dxe4 b6 13. Nxd4 cxd4 14. Bh6 Bxh6
15. Qxh6 Ba6 16. Nd3 Rc8 17. Qd2 Qe7 18. Rac1 Na5 19. e5 Rc7 20. Rfd1 Bxd3 21.
cxd3 Nc6 22. Rc4 b5 23. Rc2 Rfc8 24. Rdc1 Qd8 25. f4 Kg7 26. Be4 a6 27. Rc5 Ne7
28. b4 d5 29. exd6 Qxd6 30. Qc2 Nd5 31. Bxd5 Rxc5 32. bxc5 Qxd5 33. c6 Rc7 34.
Qe2 Kf7 35. Qe5 Rxc6 36. Rxc6 Qxc6 37. Qxd4 Qc1+ 1/2-1/2

[Event "22nd ch-EUR Indiv 2022"]
[Site "Terme Catez SLO"]
[Date "2022.04.02"]
[Round "7.81"]
[White "Uruci, Endrit"]
[Black "Markoja, Boris"]
[Result "1-0"]
[WhiteTitle "FM"]
[BlackTitle "IM"]
[WhiteElo "2304"]
[BlackElo "2461"]
[WhiteFideId "22100199"]
[BlackFideId "14608502"]
[EventDate "2022.03.27"]

1. e4 e6 2. d4 d5 3. exd5 exd5 4. Bd3 c5 5. Nf3 Nf6 6. O-O c4 7. Re1+ Be7 8. Bf1
O-O 9. b3 cxb3 10. axb3 Nc6 11. Bb2 Bg4 12. h3 Bh5 13. c4 Bb4 14. Re3 Re8 15.
Rxe8+ Qxe8 16. Nc3 Bxc3 17. Bxc3 Rd8 18. g4 Bg6 19. Nh4 a6 20. Nxg6 hxg6 21. Bg2
Ne4 22. Bb2 f5 23. Qd3 Qf7 24. cxd5 Qxd5 25. Re1 Nb4 26. Qd1 Nc6 27. gxf5 gxf5
28. Qh5 Qe6 29. Bf1 b5 30. d5 Qxd5 31. Qg6 Ne5 32. Qxf5 Nd2 33. Rxe5 Nf3+ 34.
Kh1 Nxe5+ 35. Bg2 Qd1+ 36. Kh2 Nf7 37. Be4 Qd6+ 38. Kg2 Kf8 39. Qh7 Qh6 40. Ba3+
Nd6 41. Qf5+ Qf6 42. Qd5 Ke7 43. Bf3 Rd7 44. Bg4 Rc7 45. Qe4+ Kf7 46. Qd5+ Ke7
47. Bc5 Rxc5 48. Qxc5 Kf8 49. Qa3 Qd4 50. Qxa6 Qd5+ 51. Kg1 Ke7 52. Qa7+ Kf6 53.
Qb8 Qd4 54. Qd8+ Kg6 55. Qe7 Qa1+ 56. Kg2 Qd4 57. Qe6+ Qf6 58. Qe3 Kh7 59. Be2
g6 60. Qc5 Ne4 61. Qa7+ Kh6 62. Qe3+ Qg5+ 63. Qxg5+ Kxg5 64. Bxb5 1-0

[Event "22nd ch-EUR Indiv 2022"]
[Site "Terme Catez SLO"]
[Date "2022.04.02"]
[Round "7.82"]
[White "Cvitan, Ognjen"]
[Black "Bethke, Richard"]
[Result "1-0"]
[WhiteTitle "GM"]
[BlackTitle "FM"]
[WhiteElo "2458"]
[BlackElo "2327"]
[WhiteFideId "14500086"]
[BlackFideId "12959243"]
[EventDate "2022.03.27"]

1. d4 f5 2. g3 Nf6 3. Bg2 d5 4. Nf3 e6 5. O-O Bd6 6. c4 O-O 7. Nc3 c6 8. Qc2 Ne4
9. Rb1 Nd7 10. b4 b6 11. b5 Qc7 12. Bd2 Nxc3 13. Qxc3 Bb7 14. Ng5 Rae8 15. Nxe6
Rxe6 16. bxc6 Nf6 17. cxb7 Qxb7 18. Rb5 Ne4 19. Bxe4 dxe4 20. Qb3 Qf7 21. c5 Bb8
22. cxb6 axb6 23. Rb1 Bc7 24. Rc1 Rfe8 25. d5 Rg6 26. d6 Bxd6 27. Rxf5 Qxb3 28.
axb3 Bc5 29. e3 Rd6 30. b4 Rxd2 31. bxc5 bxc5 32. Rcxc5 Rd7 33. Rce5 Rde7 34.
Rxe7 Rxe7 35. g4 g6 36. Ra5 h6 37. h4 Kg7 38. Kg2 Kf6 39. Kg3 g5 40. Ra6+ Re6
41. Rxe6+ Kxe6 42. hxg5 hxg5 43. f4 exf3 44. Kxf3 Kd5 45. Kf2 Kc4 46. Kg2 Kc3
47. Kg3 Kc4 48. Kf2 Kd5 49. Ke1 Ke5 50. Kd2 Ke4 51. Ke2 1-0

[Event "22nd ch-EUR Indiv 2022"]
[Site "Terme Catez SLO"]
[Date "2022.04.02"]
[Round "7.83"]
[White "Maksimovic, Bojan"]
[Black "Van Dael, Siem"]
[Result "1/2-1/2"]
[WhiteTitle "IM"]
[BlackTitle "FM"]
[WhiteElo "2455"]
[BlackElo "2307"]
[WhiteFideId "14408120"]
[BlackFideId "1049771"]
[EventDate "2022.03.27"]

1. d4 Nf6 2. c4 g6 3. Nc3 Bg7 4. e4 d6 5. Nf3 O-O 6. Be2 e5 7. d5 a5 8. Be3 Na6
9. Nd2 Qe8 10. g4 h6 11. h4 Nh7 12. Nf1 a4 13. Ng3 a3 14. b3 Nb4 15. Nb5 Na6 16.
Qd2 h5 17. gxh5 f5 18. hxg6 f4 19. gxh7+ Kxh7 20. O-O-O fxe3 21. fxe3 Rf2 22.
Rdf1 Rxf1+ 23. Rxf1 Qg6 24. Qe1 Bh3 25. Rg1 Qh6 26. Bf1 Bd7 27. Nf5 Bxf5 28.
exf5 Rf8 29. Rg6 Qh5 30. Rg5 Qf7 31. Bd3 Nc5 32. Bc2 Bf6 33. Rg6 e4 34. Nd4 Bxd4
35. exd4 Qxf5 36. Rg3 Nd3+ 37. Bxd3 exd3 38. Kd2 Qf2+ 39. Qxf2 Rxf2+ 40. Kxd3
Rxa2 41. Kc3 Rh2 42. Rg1 a2 43. c5 Rxh4 44. c6 b6 45. Kc4 Rh2 46. Ra1 Kg6 47.
Kb5 Kf5 48. Ka6 Ke4 49. Kb7 Kxd5 50. Kxc7 Rc2 51. Kb7 Rxc6 52. Rxa2 Rc3 53. Rb2
b5 54. Kb6 Kxd4 55. Kxb5 Rc8 56. Rd2+ Kc3 57. Rxd6 Kxb3 1/2-1/2

[Event "22nd ch-EUR Indiv 2022"]
[Site "Terme Catez SLO"]
[Date "2022.04.02"]
[Round "7.84"]
[White "Rubil, Marko"]
[Black "Neverov, Valeriy"]
[Result "0-1"]
[WhiteTitle "FM"]
[BlackTitle "GM"]
[WhiteElo "2293"]
[BlackElo "2453"]
[WhiteFideId "14501546"]
[BlackFideId "14100150"]
[EventDate "2022.03.27"]

1. e4 c5 2. Nf3 e6 3. d4 cxd4 4. Nxd4 a6 5. Bd3 Bc5 6. Nb3 Ba7 7. Qg4 Nf6 8. Qg3
d6 9. O-O O-O 10. Bh6 Ne8 11. N1d2 Nc6 12. c3 Ne5 13. Bc2 Ng6 14. Bg5 Qc7 15.
Rae1 h6 16. Be3 e5 17. Nc1 Nf6 18. Bb3 Kh7 19. Nd3 b5 20. Kh1 a5 21. h4 Be6 22.
Bxe6 fxe6 23. Qh3 Bxe3 24. Rxe3 Nf4 25. Nxf4 exf4 26. Rd3 Rae8 27. Re1 Qc5 28.
Kg1 a4 29. Nf3 e5 30. Ng5+ hxg5 31. hxg5+ Kg8 32. gxf6 Rxf6 33. Qd7 Ref8 34. Rd5
Qc4 35. Qxb5 Qxa2 36. Red1 f3 37. Rxd6 Rxd6 38. Rxd6 Qb1+ 39. Kh2 fxg2 40. Qd5+
Kh7 41. Kxg2 Qxb2 42. Qd2 Qb7 43. Qe3 Kg8 44. Qd3 a3 45. Qd5+ Qxd5 46. Rxd5 Ra8
47. Rd1 Kf7 48. Kg3 a2 49. Ra1 Ke6 50. Kg4 Kd6 51. f3 Kc5 52. Kf5 Kc4 53. Kxe5
Kxc3 54. f4 Kb2 55. Rg1 a1=Q 56. Rxa1 Rxa1 57. f5 Kc3 58. Ke6 Kd4 59. Kf7 Kxe4 0-1

[Event "22nd ch-EUR Indiv 2022"]
[Site "Terme Catez SLO"]
[Date "2022.04.02"]
[Round "7.85"]
[White "Kochavi, Ori"]
[Black "Tutisani, Noe"]
[Result "1/2-1/2"]
[WhiteTitle "FM"]
[BlackTitle "IM"]
[WhiteElo "2253"]
[BlackElo "2442"]
[WhiteFideId "2816873"]
[BlackFideId "13602853"]
[EventDate "2022.03.27"]

1. e4 Nc6 2. Nf3 d6 3. d4 Nf6 4. Nc3 g6 5. d5 Nb8 6. Bg5 Bg7 7. Qd2 h6 8. Be3 c6
9. h3 b5 10. a3 a6 11. dxc6 Nxc6 12. Bd3 Be6 13. Rd1 Nd7 14. O-O Nb6 15. Rfe1
Rb8 16. b3 g5 17. Be2 Nd7 18. Nd4 Rc8 19. a4 Qa5 20. Nxc6 Rxc6 21. Nd5 Qxd2 22.
Rxd2 bxa4 23. bxa4 Nc5 24. Bxc5 Rxc5 25. Bxa6 Bxd5 26. Rxd5 Rxc2 27. Bb5+ Kf8
28. Rdd1 Ra2 29. Re2 Ra3 30. Rc2 Bc3 31. g3 Bb4 32. Rd3 Ra1+ 33. Kg2 Bc5 34. e5
Kg7 35. exd6 Bxd6 36. Rdd2 Bb4 1/2-1/2

[Event "22nd ch-EUR Indiv 2022"]
[Site "Terme Catez SLO"]
[Date "2022.04.02"]
[Round "7.86"]
[White "Sanikidze, Tornike"]
[Black "Urh, Zala"]
[Result "0-1"]
[WhiteTitle "GM"]
[BlackTitle "WIM"]
[WhiteElo "2439"]
[BlackElo "2307"]
[WhiteFideId "13602608"]
[BlackFideId "14611481"]
[EventDate "2022.03.27"]

1. d4 Nf6 2. c4 e6 3. Nf3 d5 4. Nc3 dxc4 5. e3 a6 6. Bxc4 b5 7. Bd3 Bb7 8. a3 c5
9. dxc5 Bxc5 10. O-O O-O 11. b4 Be7 12. Bb2 Nbd7 13. e4 Qb6 14. Qd2 Rfd8 15.
Rad1 Nf8 16. Rfe1 Ng6 17. h3 Rd7 18. Qc1 Rad8 19. Bc2 a5 20. Rxd7 Rxd7 21. bxa5
Qxa5 22. Qe3 Ba6 23. Ra1 Qc7 24. Bd3 Bc5 25. Qd2 Nf4 26. Nd5 Nxh3+ 27. Kf1 exd5
28. Bxf6 gxf6 29. e5 Nxf2 30. Bf5 Ne4 31. Qf4 b4+ 32. Ke1 Bf2+ 33. Kd1 Be2+ 34.
Kxe2 Qc4+ 35. Kd1 Nc3+ 0-1

[Event "22nd ch-EUR Indiv 2022"]
[Site "Terme Catez SLO"]
[Date "2022.04.02"]
[Round "7.87"]
[White "Tratar, Marko"]
[Black "Kastelic, Marian"]
[Result "1-0"]
[WhiteTitle "GM"]
[BlackTitle "FM"]
[WhiteElo "2417"]
[BlackElo "2287"]
[WhiteFideId "14600684"]
[BlackFideId "14602245"]
[EventDate "2022.03.27"]

1. d4 Nf6 2. c4 e6 3. Nf3 d5 4. g3 dxc4 5. Bg2 Bb4+ 6. Bd2 a5 7. O-O Bd7 8. Ne5
Bc6 9. Nxc6 Nxc6 10. e3 Nd5 11. Qe2 Nb6 12. Bc3 Bxc3 13. bxc3 a4 14. Nd2 Na5 15.
e4 O-O 16. f4 Qe7 17. e5 c5 18. Rab1 Nd5 19. Bxd5 exd5 20. Nf3 f6 21. Rb5 cxd4
22. Nxd4 Rfd8 23. exf6 Qxf6 24. Qe6+ Qf7 25. Re1 Nc6 26. Qxf7+ 1-0

[Event "22nd ch-EUR Indiv 2022"]
[Site "Terme Catez SLO"]
[Date "2022.04.02"]
[Round "7.88"]
[White "Kilgus, Georg"]
[Black "Palczert, Matyas"]
[Result "1/2-1/2"]
[WhiteTitle "IM"]
[WhiteElo "2415"]
[BlackElo "2284"]
[WhiteFideId "1606212"]
[BlackFideId "784958"]
[EventDate "2022.03.27"]

1. d4 Nf6 2. c4 e6 3. Nf3 d5 4. Nc3 a6 5. cxd5 exd5 6. Bg5 Be6 7. e3 Nbd7 8. Bd3
Bd6 9. O-O O-O 10. h3 h6 11. Bf4 Qe7 12. Ne5 c6 13. Bg3 Bxe5 14. dxe5 Ne8 15. e4
d4 16. Ne2 c5 17. b3 f6 18. exf6 Nexf6 19. Rc1 Bf7 20. f3 b5 21. Bb1 Rfd8 22.
Bf2 Nf8 23. Ng3 Ne6 24. Nf5 Qf8 25. Qd2 Bg6 26. e5 Nd5 27. Nxd4 Nxd4 28. Bxg6
Nf4 29. Bxd4 Rxd4 30. Qc2 Rad8 31. Bh7+ Kh8 32. Be4 Rd2 33. Qxc5 Rxg2+ 34. Kh1
Rxa2 35. Qxf8+ Rxf8 36. Ra1 Rxa1 37. Rxa1 Nxh3 38. Rxa6 Nf2+ 39. Kg2 Nxe4 40.
fxe4 Re8 41. e6 g5 42. Kf3 Kg7 43. e5 Kg6 44. Ke4 g4 45. Kf4 h5 46. e7+ Kf7 47.
Rh6 Kxe7 48. Rxh5 Rg8 49. Kg3 Ke6 50. Rh6+ Kd5 51. e6 1/2-1/2

[Event "22nd ch-EUR Indiv 2022"]
[Site "Terme Catez SLO"]
[Date "2022.04.02"]
[Round "7.89"]
[White "Katkov, Michelle"]
[Black "Globus, Or"]
[Result "1/2-1/2"]
[WhiteTitle "WFM"]
[BlackTitle "FM"]
[WhiteElo "2149"]
[BlackElo "2414"]
[WhiteFideId "2816393"]
[BlackFideId "2816776"]
[EventDate "2022.03.27"]

1. e4 e5 2. Bc4 Nf6 3. d3 Nc6 4. Nf3 Bc5 5. O-O O-O 6. h3 d6 7. c3 a5 8. Nbd2
Ba7 9. a4 Be6 10. Qb3 d5 11. exd5 Bxd5 12. Re1 Re8 13. Ne4 Bxc4 14. Qxc4 Nd5 15.
Bg5 Qd7 16. Rad1 Kh8 17. Nc5 Bxc5 18. Qxc5 f6 19. Bc1 Nd8 20. d4 Ne6 21. Qb5 c6
22. Qf1 exd4 23. Nxd4 Nxd4 24. Rxd4 Rxe1 25. Qxe1 Re8 26. Qd1 Qe6 27. c4 Nb4 28.
Be3 h6 29. Qh5 Nc2 30. Rd3 Qe4 31. Bxh6 Qxd3 32. Be3+ Kg8 33. Qxe8+ Kh7 34. Qh5+
Kg8 35. Qe8+ Kh7 36. Qe6 Qb3 37. Qf5+ Kh8 38. Qxa5 Qxc4 39. Qa8+ Kh7 40. Qxb7
Qxa4 41. Bc5 Nd4 42. Bxd4 Qd1+ 43. Kh2 Qxd4 44. Qxc6 Qe5+ 45. g3 Qxb2 46. Qe4+
Kh8 47. Kg2 Qc3 48. h4 Qc5 49. Qa8+ Kh7 50. Qe4+ Kh8 51. Qf3 Qe5 52. h5 Qg5 53.
g4 Qc1 54. Kg3 Qc7+ 55. Kh3 Qc1 56. Qa8+ Kh7 57. Qe4+ Kh8 58. Qe3 Qg1 59. Qf3
Qc1 60. Qg2 Qc3+ 61. Kh2 Qc1 62. Qg3 Qg5 63. f4 Qd5 64. Qf2 Qd1 65. Kh3 Qd3+ 66.
Kh4 Qe4 67. Kg3 Qd3+ 68. Qf3 Qb1 69. Qe3 Qd1 70. h6 gxh6 71. Qe8+ Kg7 72. Qe7+
Kg8 73. Qxf6 Qg1+ 74. Kf3 Qd1+ 75. Ke4 Qxg4 76. Qxh6 Kf7 77. Qh7+ Kf6 78. Qh8+
Kf7 79. Qd4 Qe2+ 80. Kd5 Qe6+ 81. Kc5 Qe7+ 82. Kc4 Qe2+ 83. Kc3 Qe1+ 84. Kc4
Qe2+ 85. Kb3 Qe6+ 1/2-1/2

[Event "22nd ch-EUR Indiv 2022"]
[Site "Terme Catez SLO"]
[Date "2022.04.02"]
[Round "7.90"]
[White "Injac, Teodora"]
[Black "Monpeurt, Cyrielle"]
[Result "1-0"]
[WhiteTitle "WGM"]
[BlackTitle "WFM"]
[WhiteElo "2407"]
[BlackElo "2156"]
[WhiteFideId "932400"]
[BlackFideId "677400"]
[EventDate "2022.03.27"]

1. Nf3 d5 2. g3 Nc6 3. d4 Bg4 4. Bg2 Qd7 5. c4 dxc4 6. Nbd2 O-O-O 7. O-O Nxd4 8.
Nxd4 Qxd4 9. Qa4 e6 10. Nf3 Bxf3 11. Bxf3 Qb6 12. Be3 Bc5 13. Bxc5 Qxc5 14. Rac1
Ne7 15. Rxc4 Qd6 16. Qxa7 c6 17. b4 Qb8 18. Qa3 Rd6 19. b5 Kd7 20. bxc6+ Nxc6
21. Bxc6+ bxc6 22. Rb4 Qc8 23. Qa7+ 1-0

[Event "22nd ch-EUR Indiv 2022"]
[Site "Terme Catez SLO"]
[Date "2022.04.02"]
[Round "7.91"]
[White "Papadiamandis, Elliot"]
[Black "Goroshkov, Maksym"]
[Result "1-0"]
[WhiteTitle "FM"]
[WhiteElo "2406"]
[BlackElo "2111"]
[WhiteFideId "36074160"]
[BlackFideId "14142716"]
[EventDate "2022.03.27"]

1. e4 d6 2. d4 Nf6 3. Nc3 g6 4. Bf4 Bg7 5. Qd2 O-O 6. Nf3 c5 7. dxc5 dxc5 8.
O-O-O Qa5 9. Bc4 Nc6 10. Rhe1 Bg4 11. Nd5 Nxd5 12. exd5 Qb6 13. c3 Na5 14. Bf1
c4 15. Be5 Qa6 16. Qf4 Bf5 17. Bxg7 Kxg7 18. Qd4+ Kg8 19. g4 Nb3+ 20. axb3 Qa1+
21. Kd2 Qxb2+ 22. Ke3 Bc2 23. Rd2 cxb3 24. Bd3 e5 25. Qb4 a5 26. Rxc2 Qxc2 27.
Qxf8+ Kxf8 28. Bxc2 bxc2 29. Kd2 Rd8 30. Kxc2 Rxd5 31. Rxe5 Rd6 32. Nd4 b6 33.
Kd3 Kg7 34. Kc4 Rd8 35. Kb5 Rd6 36. f4 Rf6 37. f5 Rd6 38. g5 f6 39. Re7+ Kg8 40.
gxf6 Rxf6 41. Re6 Rf8 42. fxg6 Rf2 43. gxh7+ Kxh7 44. Rxb6 1-0

[Event "22nd ch-EUR Indiv 2022"]
[Site "Terme Catez SLO"]
[Date "2022.04.02"]
[Round "7.92"]
[White "Rozen, Eytan"]
[Black "Gramb, Marius"]
[Result "1-0"]
[WhiteTitle "IM"]
[WhiteElo "2398"]
[BlackElo "2107"]
[WhiteFideId "2816750"]
[BlackFideId "24656593"]
[EventDate "2022.03.27"]

1. e4 c6 2. Nf3 d5 3. d3 dxe4 4. dxe4 Qxd1+ 5. Kxd1 Nf6 6. Nfd2 h5 7. f3 h4 8.
c3 e5 9. Kc2 Be6 10. Bc4 Ke7 11. a4 Nfd7 12. a5 f6 13. Rd1 Na6 14. b4 Nc7 15.
Na3 b5 16. axb6 axb6 17. Bxe6 Kxe6 18. Ndc4 Ra6 19. Be3 b5 20. Na5 Be7 21. f4
exf4 22. Bxf4 Ne5 23. Kb3 Rha8 24. Nc2 c5 25. Ne3 c4+ 26. Kc2 Bd6 27. Nf5 g5 28.
Bxe5 Bxe5 29. h3 Ne8 30. Rd5 Nd6 31. Nxd6 Rxd6 32. Rad1 Rad8 33. Nb7 Rxd5 34.
Nxd8+ Rxd8 35. Rxd8 Bd6 36. Kd2 Ke7 37. Ra8 Kd7 38. Ke2 Be5 39. Ra3 Kc6 40. Kd2
Bf4+ 41. Kc2 Kb7 42. Ra5 Kb6 43. Ra8 Kc7 44. Ra6 Bd6 45. Kb2 Be5 46. Re6 Kb7 47.
Kc2 Kc7 48. Kd2 Bf4+ 49. Ke2 Kd7 50. Rb6 1-0

[Event "22nd ch-EUR Indiv 2022"]
[Site "Terme Catez SLO"]
[Date "2022.04.02"]
[Round "7.93"]
[White "Bukal, Vladimir Jr."]
[Black "Easwaralingam, Adesh"]
[Result "1/2-1/2"]
[WhiteTitle "IM"]
[WhiteElo "2391"]
[BlackElo "2069"]
[WhiteFideId "14502941"]
[BlackFideId "1448552"]
[EventDate "2022.03.27"]

1. d4 Nf6 2. Bg5 d5 3. e3 c5 4. Bxf6 exf6 5. Nc3 Be6 6. Bb5+ Nc6 7. Nge2 a6 8.
Bxc6+ bxc6 9. O-O cxd4 10. Nxd4 Qc7 11. e4 dxe4 12. Nxe4 Be7 13. Nxe6 fxe6 14.
Qh5+ g6 15. Qh3 f5 16. Qc3 O-O 17. Nc5 Qd6 18. Nd3 Bf6 19. Qc4 Qd5 20. Qa4 Rfe8
21. Rad1 Qb5 22. Qa3 Rad8 23. b3 a5 24. c4 Qb6 25. Qc5 Qc7 26. b4 Be7 27. Qe3
Bf6 28. Qc5 Be7 29. Qxa5 Qxa5 30. bxa5 Ra8 31. Ne5 1/2-1/2